000 00932cab a2200313 4500
001 ABS58688
008 090401t1998 xxu||||| |||| 00| 0 eng d
035 _a(Sirsi) u86430
041 _aeng
245 _aFocus `98: Birmingham
260 _c1998
350 _a0
490 _aEstates Gazette
_v(9819) 9 may 1998, 89-137(20)
650 _aBIRMINGHAM
650 _aABOUT RICS-RICS MEMBERS
650 _aCITY CENTRES
650 _aHOUSE BUILDING
650 _aHOUSING MARKET
650 _aINDUSTRIAL MARKET
650 _aINWARD INVESTMENT
650 _aLEISURE MARKET
650 _aPROPERTY-COMMERCIAL PROPERTY-OFFICE PROPERTY-OFFICE PROPERTY MARKET
650 _aPROPERTY-COMMERCIAL PROPERTY-RETAIL PROPERTY-RETAIL PROPERTY MARKET
650 _aSPECULATIVE DEVELOPMENT
650 _aURBAN RENEWAL
690 _aPROPERTY-COMMERCIAL PROPERTY-COMMERCIAL PROPERTY MARKET
942 _n0
948 _c28/05/1998
999 _c54396
_d54396